| 000 | 00357nam a2200145Ia 4500 | ||
|---|---|---|---|
| 008 | 230917s9999||||xx |||||||||||||| ||und|| | ||
| 040 |
_e114045 _aMAIN |
||
| 041 | _aEnglish | ||
| 082 | _a658.3 M311P | ||
| 100 | _aMamoria, C.B. | ||
| 245 | 0 | _aPersonnel management | |
| 260 |
_aMumbai _bHimalaya Publishing House _c1980 |
||
| 300 | _a932p p. | ||
| 942 | _cBK | ||
| 999 |
_c137517 _d137517 |
||